000 00627nam a22002177a 4500
001 23501
003 BD-RjUL
005 20211209000934.0
008 140311s1961 enk||||| |||| 00| 0 eng d
020 _a043523790x
035 _a(BD-RjUL)23566
040 _aBD-RjUL
_beng
_cBD-RjUL
_dBD-RjUL
041 _aeng
082 0 4 _219
_a398.4690951
_bSCD 1973
100 1 _a Schwartz, Eugene
_972358
245 1 4 _aThe dragon :
_b a satiric fable in three acts /
_cby Eugene Schwartz
260 _aLondon :
_bHeinemann Education,
_c1973
300 _aix, 108 p. ;
_c19cm.
650 0 _a Dragons
_v Folklore.
_972359
942 _2ddc
_cBK
999 _c23501
_d23501